Camus és Marx

Elmentve itt :
Bibliográfiai részletek
Szerző: Tütő László
Adatforrás:Philobibl
Forrásdokumentuma:Világosság 15
1974/4., 242-245. p.
Dokumentumtípus: Cikk
Nyelv:magyar
Kulcsszavak:egzisztencializmus, francia
Camus
Marx
LEADER 00356nab a2200133 c 4500
001 bibDOK00009680
005 20200924120518.4
008 060518s1974 xx hun
100 1 |a Tütő László 
245 1 0 |a Camus és Marx  |c Tütő László 
695 |a egzisztencializmus, francia 
695 |a Camus 
695 |a Marx 
773 0 |t Világosság 15  |g 1974/4., 242-245. p.